Jeux de mots - Expressions - "Or" - Statistiques

Statistiques générales
  • Ce quiz a été pris 78 fois
  • Le résultat moyen est 7 sur 15
Statistiques - réponses
Hint Réponse % Correct
Fête des 50 ans de mariage. Noces d'or
90%
La personne dont le sien est en or, est une personne très généreuse. Coeur
82%
Lorsque l'on est riche, on dit que l'on ____ sur l'or. Roule
82%
Autre désignation du pétrole qui permet de souligner sa valeur. Or noir
73%
A coûté très cher lorsqu'acheté à _____ d'or. Prix
70%
Période florissante. L'_____ d'or de l'Humanité. Âge
66%
Permet de recueillir à l'écrit les compliments et remarques de visiteurs très contents. Livre d'or
65%
Phénomène du 19è siècle aux États-Unis qui entraîna de grandes migrations vers l'Ouest et l'Alaska. Ruée vers l'or
65%
Est égal à 1,618. Nombre d'or
41%
Autre désignation de l'eau qui permet de souligner sa valeur. Or bleu
32%
Autre désignation de la forêt qui permet de souligner sa valeur. Or vert
28%
Fait référence à cheval. Ou bien lorsqu'on lui ajoute le mot "or", à "un système monétaire dans lequel l'unité de compte ou étalon monétaire correspond à un poids fixe d'or." Étalon
24%
Proverbe qui met en garde contre attirance vers une valeur qui n'est qu'apparente. Tout ce qui brille n'est pas or
18%
Lorsque c'est vraiment une affaire. La pioche n'est ici pas forcément nécessaire. Mine d'or
10%
Autre nom du Solidago, genre de plantes à fleurs de la famille des Asteraceae communément appelées solidages Verge d'or
0%
Aucun quiz correspondant
Distribution des résultats
% des personnes avec chaque résultat
Percentile par nombre de réponses
Votre historique - résultats
Vous n’avez pas pris ce quiz